LEADER 01070nam0-22002771i-450- 001 990006007020403321 005 19980601 035 $a000600702 035 $aFED01000600702 035 $a(Aleph)000600702FED01 035 $a000600702 100 $a19980601d1973----km-y0itay50------ba 105 $a--------00-yy 200 1 $a<>informazione biologica per gli equilibri sociali ed Atti del Convegno internazionale di Laceno " Sull'interazione tra Medicina, Tecnologia e Sociologia" patrocinati dal Ministero della PubblicaIstruzione. 210 $aNapoli$cS.E.D.I.$d1973 215 $a526 p.$d24 cm 676 $a301.243 700 1$aAscione,$bAmedeo$0225126 801 0$aIT$bUNINA$gRICA$2UNIMARC 901 $aBK 912 $a990006007020403321 952 $aCONG. 59$b120246$fFGBC 959 $aFGBC 996 $aInformazione biologica per gli equilibri sociali ed Atti del Convegno internazionale di Laceno " Sull'interazione tra Medicina, Tecnologia e Sociologia" patrocinati dal Ministero della PubblicaIstruzione$9581774 997 $aUNINA DB $aGIU01 LEADER 00869nam2-22003131i-450- 001 990002021650403321 005 20090325134441.0 035 $a000202165 035 $aFED01000202165 035 $a(Aleph)000202165FED01 035 $a000202165 100 $a20030910d1955----km-y0itay50------ba 101 0 $aeng 200 1 $aFulgoroidea$fZ. P. Metcalf 210 $aRaleigh$cNorth Carolina State College$d1955 215 $a74 p.$d23 cm 327 0 $a17.: Lophopidae 461 0$1001000203009$12001$aGeneral catalogue of the Hemiptera$v4 610 0 $aFulgoroidea 610 0 $aRhynchota Homoptera 676 $a595.752 700 1$aMetcalf,$bZeno P.$085747 801 0$aIT$bUNINA$gRICA$2UNIMARC 901 $aBK 912 $a990002021650403321 952 $a61 IV F.7/06.4.17$b2062$fDAGEN 959 $aDAGEN 996 $aFulgoroidea$9405199 997 $aUNINA